Digital libraries

Αποθηκεύτηκε σε:
Λεπτομέρειες βιβλιογραφικής εγγραφής
Κύριος συγγραφέας: Arms, William Y.
Μορφή: Βιβλίο
Γλώσσα:English
Δημοσίευση: Cambridge, Mass : MIT Press, 2001
Σειρά:Digital libraries and electronic publishing
Θέματα:
Ετικέτες: Προσθήκη ετικέτας
Δεν υπάρχουν, Καταχωρήστε ετικέτα πρώτοι!

MARC

LEADER 00000nam a2200000 i 4500
001 1/40290
008 030909s2001 eng d
020 |a 0-262-51127-4 
035 |l 10070780 
040 |a GR-MY-UA  |b gre  |e aacr 
041 0 |a eng 
082 0 |a 025.00285 
100 1 |a Arms, William Y. 
245 1 0 |a Digital libraries /  |c Arms William Y. 
260 |a Cambridge, Mass :   |b MIT Press,   |c 2001 
300 |a x, 287 σ.;  |b εικ.;  |c 24 εκ. 
490 1 |a Digital libraries and electronic publishing 
504 |a Περιέχει βιβλιογραφία και ευρετήριο 
650 0 0 |a Libraries  |x Special collections  |x Electronic information resources. 
650 0 0 |a Digital libraries  |z United States. 
830 0 |a Digital libraries and electronic publishing 
852 |a INST  |b LESVOS  |e 20030909  |h 025.00285 ARM  |p 005100026606  |q 005100026606  |t BK  |y 0 
901 |a BIBL1-2003-3 
909 |a Λ  |b 105898 
922 |a 1ΕΛΗ  |b 200308  |c ΤΑΚ/ΚΥΒ  |d LEADER 
950 |a 023-2003-06-30 
970 |a ΚΑΡΑ  |b ΓΙΑΣΕΜΗ  |z 2003/09/10